Religión y medicina tradicional entre los garífunas de Nicaragua /
שמור ב:
| מחבר ראשי: | |
|---|---|
| פורמט: | Texto |
| שפה: | Spanish |
| נושאים: | |
| תגים: |
הוספת תג
אין תגיות, היה/י הראשונ/ה לתייג את הרשומה!
|
MARC
| LEADER | 00000 a a2200000 04500 | ||
|---|---|---|---|
| 001 | 7911 | ||
| 003 | cru CRAI/IIS | ||
| 005 | 20210525105122.0 | ||
| 008 | 210525b |||||||| |||| 00| 0 spa d | ||
| 040 | |c cru CRAI/IIS | ||
| 100 | |a Soley, Rosa María | ||
| 245 | |a Religión y medicina tradicional entre los garífunas de Nicaragua / |c Rosa María Soley | ||
| 500 | |a Colección Centroamérica | ||
| 650 | |a RELIGION | ||
| 650 | |a MEDICINA TRADICIONAL | ||
| 650 | |a POBLACION INDIGENA | ||
| 650 | |a NICARAGUA | ||
| 773 | |g número 51; páginas 117-123 | ||
| 773 | 0 | |0 18875 |9 5287 |a Universidad de Costa Rica. |d San José, Costa Rica: Universidad de Costa Rica. Consejo Superior Universitario Centroamericano, 1972- |o 14351 |t Estudios Sociales Centroamericanos / |x 03039676 | |
| 942 | |2 ddc |c PP | ||
| 999 | |c 24266 |d 24266 | ||
